[Event "Krasnodar South Region-ch"]
[Site "Krasnodar"]
[Date "2005.02.??"]
[Round "?"]
[White "Volkov, Vijcheslav"]
[Black "Kolganova, Natalia"]
[Result "1-0"]
[WhiteElo "2054"]
[BlackElo "2124"]
[PlyCount "61"]
[EventDate "2005.02.??"]
[EventType "swiss"]
[EventRounds "9"]
[EventCountry "RUS"]
[SourceTitle "EXT 2006"]
[Source "ChessBase"]
[SourceDate "2005.11.24"]
[SourceVersion "1"]
[SourceVersionDate "2005.11.24"]
[SourceQuality "1"]

1. d4 d5 2. Nc3 Bf5 3. Bg5 Nc6 4. e3 Nf6 5. Bd3 Bg6 6. Nf3 Ne4 7. Bxe4 Bxe4 8. Nxe4 dxe4 9. Nd2 Qd5 10. Bf4 0-0-0 11. c3 e5 12. Bg3 h5 13. h3 f5 14. Bh4 Rd7 15. 0-0 exd4 16. cxd4 f4 17. exf4 Nxd4 18. Nb3 Nf3+ 19. gxf3 Qf5 20. fxe4 Qxh3 21. Qe2 Qxh4 22. Qe3 Rh6 23. f5 Qg4+ 24. Kh1 Kb8 25. Rg1 Qh4+ 26. Kg2 Rb6 27. Kf1 Rb4 28. f3 Qf6 29. Qe2 Qe5 30. Rg6 Bd6 31. Re6 1-0

[Event "RUS-ch 1L (Women)"]
[Site "Serpukhov"]
[Date "2004.02.??"]
[Round "7"]
[White "Movsesian, Julia"]
[Black "Kolganova, Natalia"]
[Result "1/2-1/2"]
[WhiteElo "2277"]
[BlackElo "2169"]
[PlyCount "98"]
[EventDate "2004.02.??"]
[EventType "swiss"]
[EventRounds "9"]
[EventCountry "RUS"]
[SourceTitle "EXT 2005"]
[Source "ChessBase"]
[SourceDate "2004.11.15"]
[SourceVersion "1"]
[SourceVersionDate "2004.11.15"]
[SourceQuality "1"]

1. e4 c5 2. Nf3 Nc6 3. d4 cxd4 4. Nxd4 Nf6 5. Nc3 e5 6. Ndb5 d6 7. Bg5 a6 8. Na3 b5 9. Bxf6 gxf6 10. Nd5 Bg7 11. c3 f5 12. exf5 Bxf5 13. Nc2 0-0 14. Nce3 Be6 15. g3 f5 16. Bg2 Ra7 17. 0-0 f4 18. Nc2 Ne7 19. Ncb4 Nxd5 20. Bxd5 Qf6 21. Bxe6+ Qxe6 22. Qd5 Qxd5 23. Nxd5 fxg3 24. hxg3 Kf7 25. a4 Ke6 26. Nb4 Rb7 27. axb5 axb5 28. Ra6 Bf6 29. Rd1 Rd8 30. Kg2 Rdd7 31. Rc1 Ra7 32. Rca1 Rxa6 33. Rxa6 Rb7 34. Kf3 h5 35. Ke4 h4 36. gxh4 Bxh4 37. Nd3 Rc7 38. Nxe5 Bxf2 39. Nd3 Rc4+ 40. Kf3 Bc5 41. Ra5 Rh4 42. Nxc5+ dxc5 43. Rxb5 Kd5 44. Rb8 Rh2 45. Ke3 Kc4 46. Kf4 Re2 47. Kf5 Re3 48. Kf6 Re2 49. Rb6 Kd3 1/2-1/2

[Event "RUS-ch (Women)"]
[Site "Elista"]
[Date "2003.05.24"]
[Round "7"]
[White "Nechaeva, Marina"]
[Black "Kolganova, Natalia"]
[Result "1/2-1/2"]
[WhiteElo "2191"]
[BlackElo "2154"]
[PlyCount "57"]
[EventDate "2003.05.18"]
[EventType "swiss"]
[EventRounds "9"]
[EventCountry "RUS"]
[SourceTitle "CBM 094 Extra"]
[Source "ChessBase"]
[SourceDate "2003.07.09"]
[SourceVersion "2"]
[SourceVersionDate "2003.07.09"]
[SourceQuality "1"]

1. Nf3 d5 2. b3 Nf6 3. Bb2 e6 4. e3 c5 5. d4 Be7 6. Nbd2 0-0 7. Bd3 Nc6 8. a3 cxd4 9. exd4 Nd7 10. 0-0 Bf6 11. Re1 Qc7 12. Rb1 e5 13. dxe5 Ndxe5 14. Nxe5 Bxe5 15. Bxh7+ Kxh7 16. Qh5+ Kg8 17. Bxe5 Nxe5 18. Qxe5 Qxc2 19. Nf3 Rd8 20. Nd4 Qg6 21. Rbc1 Bd7 22. Re3 Rac8 23. Rce1 Re8 24. Qxd5 Rxe3 25. fxe3 Bc6 26. Nxc6 Qxc6 27. e4 Qb6+ 28. Kh1 Rd8 29. Qc4 1/2-1/2

[Event "RUS-ch (Women)"]
[Site "Elista"]
[Date "2003.05.18"]
[Round "1"]
[White "Strutinskaya, Galina N"]
[Black "Kolganova, Natalia"]
[Result "1-0"]
[WhiteElo "2306"]
[BlackElo "2154"]
[PlyCount "79"]
[EventDate "2003.05.18"]
[EventType "swiss"]
[EventRounds "9"]
[EventCountry "RUS"]
[SourceTitle "CBM 094 Extra"]
[Source "ChessBase"]
[SourceDate "2003.07.09"]
[SourceVersion "2"]
[SourceVersionDate "2003.07.09"]
[SourceQuality "1"]

1. Nf3 d5 2. d4 e6 3. c4 c5 4. e3 Nf6 5. a3 cxd4 6. exd4 Nc6 7. Nc3 Be7 8. b4 a6 9. c5 Ne4 10. Na4 Bf6 11. Nb6 Ra7 12. Bb2 0-0 13. Bd3 e5 14. dxe5 Nxe5 15. Nxe5 Bxe5 16. Bxe5 Re8 17. 0-0 Rxe5 18. Bxe4 Rxe4 19. Qxd5 Qxd5 20. Nxd5 Ra8 21. f3 Re5 22. Rfe1 Rxe1+ 23. Rxe1 Bd7 24. Nb6 Re8 25. Rxe8+ Bxe8 26. Kf2 f6 27. Ke3 Kf7 28. Kd4 Ke6 29. Nc4 Bc6 30. Na5 Bd5 31. a4 h5 32. h4 g5 33. hxg5 fxg5 34. b5 axb5 35. axb5 g4 36. fxg4 hxg4 37. g3 Bf3 38. Nxb7 Bxb7 39. c6 Ba8 40. Ke4 1-0

[Event "RUS-ch U20 Girls"]
[Site "Essentuki"]
[Date "2003.03.13"]
[Round "11"]
[White "Kolganova, Natalia"]
[Black "Dotdaeva, Aminat"]
[Result "1-0"]
[WhiteElo "2169"]
[BlackElo "2093"]
[PlyCount "131"]
[EventDate "2003.03.02"]
[EventType "swiss"]
[EventRounds "11"]
[EventCountry "RUS"]
[SourceTitle "CBM 093 Extra"]
[Source "ChessBase"]
[SourceDate "2003.05.09"]
[SourceVersion "1"]
[SourceVersionDate "2003.05.09"]
[SourceQuality "1"]

1. e4 e6 2. d4 d5 3. e5 c5 4. c3 Nc6 5. Nf3 Qb6 6. a3 Bd7 7. b4 cxd4 8. cxd4 Rc8 9. Bb2 Na5 10. Nbd2 Nh6 11. Rc1 Rxc1 12. Qxc1 Nc6 13. Bd3 Be7 14. 0-0 0-0 15. Nb3 Rc8 16. Nc5 Qc7 17. Qc2 g6 18. Rc1 a6 19. h4 Nf5 20. h5 Kg7 21. hxg6 hxg6 22. Qd2 Rh8 23. a4 Bxc5 24. dxc5 Qd8 25. Qf4 Nh4 26. Qf6+ Qxf6 27. exf6+ Kg8 28. Nxh4 Rxh4 29. b5 axb5 30. axb5 Nb4 31. Be2 Re4 32. Bf1 e5 33. Ba3 g5 34. f3 Rd4 35. Bb2 Nd3 36. c6 bxc6 37. bxc6 Bc8 38. Ra1 Nxb2 39. Ra8 Rd1 40. Rxc8+ Kh7 41. c7 Rc1 42. Rb8 Rxc7 43. Rxb2 Kg6 44. Rb6 e4 45. fxe4 dxe4 46. Kf2 Rc3 47. Be2 Ra3 48. Bc4 Rc3 49. Bd5 e3+ 50. Ke2 g4 51. g3 Ra3 52. Be4+ Kg5 53. Bd3 Ra2+ 54. Kxe3 Rg2 55. Rb5+ Kxf6 56. Kf4 Rd2 57. Rb3 Rf2+ 58. Kxg4 Ke5 59. Rb5+ Kd6 60. Rf5 Rxf5 61. Bxf5 Ke5 62. Kg5 Kd4 63. Kf6 Ke3 64. Kxf7 Kf3 65. g4 Kf4 66. Kf6 1-0

[Event "RUS-ch U20 Girls"]
[Site "Essentuki"]
[Date "2003.03.09"]
[Round "7"]
[White "Kolganova, Natalia"]
[Black "Kariakina, Marina"]
[Result "1-0"]
[WhiteElo "2169"]
[BlackElo "2171"]
[PlyCount "51"]
[EventDate "2003.03.02"]
[EventType "swiss"]
[EventRounds "11"]
[EventCountry "RUS"]
[SourceTitle "CBM 093 Extra"]
[Source "ChessBase"]
[SourceDate "2003.05.09"]
[SourceVersion "1"]
[SourceVersionDate "2003.05.09"]
[SourceQuality "1"]

1. e4 g6 2. d4 Bg7 3. Nc3 d6 4. Be3 Nf6 5. Qd2 c6 6. Nf3 0-0 7. Bh6 Nbd7 8. Bxg7 Kxg7 9. e5 Ng4 10. h3 Nh6 11. 0-0-0 Qa5 12. exd6 exd6 13. Kb1 Nb6 14. d5 Rd8 15. h4 Bg4 16. h5 Bxh5 17. Rxh5 gxh5 18. Qg5+ Kh8 19. Qf6+ Kg8 20. Qxh6 Nxd5 21. Nxd5 cxd5 22. Bd3 f6 23. Bxh7+ Kf7 24. Qg6+ Ke6 25. Qf5+ Kf7 26. Ng5+ 1-0

[Event "RUS-ch U20 Girls"]
[Site "Essentuki"]
[Date "2003.03.06"]
[Round "5"]
[White "Bannikova, Anastasia"]
[Black "Kolganova, Natalia"]
[Result "1/2-1/2"]
[WhiteElo "2146"]
[BlackElo "2169"]
[PlyCount "108"]
[EventDate "2003.03.02"]
[EventType "swiss"]
[EventRounds "11"]
[EventCountry "RUS"]
[SourceTitle "CBM 093 Extra"]
[Source "ChessBase"]
[SourceDate "2003.05.09"]
[SourceVersion "1"]
[SourceVersionDate "2003.05.09"]
[SourceQuality "1"]

1. e4 c5 2. Nc3 Nc6 3. g3 g6 4. Bg2 Bg7 5. d3 d6 6. Be3 Rb8 7. Qd2 b5 8. Nge2 b4 9. Nd1 e5 10. 0-0 h5 11. h4 Nf6 12. Bg5 Qb6 13. Ne3 Be6 14. Bxf6 Bxf6 15. f4 Nd4 16. f5 gxf5 17. Nxd4 exd4 18. Nxf5 Kd7 19. Nh6 Qd8 20. Rf2 Qe7 21. Raf1 Rxh6 22. Qxh6 Be5 23. Bh3 Rg8 24. Bxe6+ fxe6 25. Rg2 Qe8 26. Rf3 Kc6 27. Qd2 Rg7 28. Qf2 a5 29. Rf8 Qe7 30. Rc8+ Kb7 31. Qf8 Qxf8 32. Rxf8 Rxg3 33. Rf7+ Kc6 34. Rh7 Re3 35. Kf2 c4 36. dxc4 Rxe4 37. Rxh5 a4 38. b3 Re3 39. Rhg5 axb3 40. axb3 Rc3 41. Ke1 d3 42. cxd3 Rxd3 43. Rxe5 dxe5 44. Re2 Rxb3 45. Rxe5 Rc3 46. Rxe6+ Kc5 47. Re8 b3 48. Kd2 Rh3 49. Kc1 Kb4 50. c5 Kc3 51. Re1 Rxh4 52. c6 Rc4 53. Kb1 b2 54. Re2 Kd3 1/2-1/2

[Event "RUS-ch U20 Girls"]
[Site "Vladimir"]
[Date "2002.03.12"]
[Round "11"]
[White "Kolganova, Natalia"]
[Black "Meshcheriakova, Evgenia"]
[Result "1/2-1/2"]
[WhiteElo "2139"]
[BlackElo "2169"]
[PlyCount "92"]
[EventDate "2002.03.01"]
[EventType "swiss"]
[EventRounds "11"]
[EventCountry "RUS"]
[SourceTitle "CBM 087 Extra"]
[Source "ChessBase"]
[SourceDate "2002.05.03"]
[SourceVersion "2"]
[SourceVersionDate "2002.08.09"]
[SourceQuality "1"]

1. e4 c5 2. Nc3 Nc6 3. g3 g6 4. d3 Bg7 5. Be3 d6 6. Qd2 e6 7. Bg2 Nd4 8. Nd1 Rb8 9. c3 Nc6 10. f4 Nge7 11. Nf3 Qa5 12. 0-0 0-0 13. d4 cxd4 14. Nxd4 Nxd4 15. Bxd4 Bxd4+ 16. Qxd4 Qc5 17. Ne3 Qxd4 18. cxd4 Bd7 19. Rac1 Rfc8 20. Rc3 Rxc3 21. bxc3 Bc6 22. Rb1 Kf8 23. Nc4 d5 24. Na5 dxe4 25. Nxc6 Nxc6 26. Bxe4 Na5 27. Kf2 Rc8 28. Rc1 Ke7 29. Ke2 Kd6 30. Bd3 Nc6 31. Kd2 Ne7 32. c4 Kc7 33. Be4 Rd8 34. Kc3 Rd7 35. a4 Nc6 36. d5 exd5 37. cxd5 Ne7 38. Kd4+ Kd6 39. a5 Rd8 40. Rb1 Rb8 41. g4 b5 42. axb6 Rxb6 43. Ra1 Rb4+ 44. Ke3 Nxd5+ 45. Bxd5 Kxd5 46. Rxa7 Rb3+ 1/2-1/2

[Event "RUS-ch U20 Girls"]
[Site "Vladimir"]
[Date "2002.03.05"]
[Round "5"]
[White "Fominykh, Maria"]
[Black "Kolganova, Natalia"]
[Result "1-0"]
[WhiteElo "2163"]
[BlackElo "2139"]
[PlyCount "77"]
[EventDate "2002.03.01"]
[EventType "swiss"]
[EventRounds "11"]
[EventCountry "RUS"]
[SourceTitle "CBM 087 Extra"]
[Source "ChessBase"]
[SourceDate "2002.05.03"]
[SourceVersion "2"]
[SourceVersionDate "2002.08.09"]
[SourceQuality "1"]

1. e4 c5 2. Nf3 d6 3. d4 cxd4 4. Nxd4 Nf6 5. Nc3 g6 6. Be3 Bg7 7. f3 Nc6 8. Qd2 0-0 9. 0-0-0 Nxd4 10. Bxd4 Be6 11. Kb1 Rc8 12. g4 a6 13. h4 b5 14. h5 b4 15. Ne2 Qc7 16. hxg6 fxg6 17. g5 Nh5 18. Bxg7 Kxg7 19. Nd4 Bd7 20. Bh3 Nf4 21. Bxd7 Qxd7 22. Nf5+ Rxf5 23. exf5 Qxf5 24. Rh4 Nh5 25. Re4 Rc7 26. Rde1 Kf7 27. Qxb4 Qxg5 28. Qb3+ d5 29. Re5 Qd2 30. R5e2 Qd4 31. Qa3 Qf6 32. Re6 Qh4 33. Qxa6 Qc4 34. Qxc4 dxc4 35. a4 Nf4 36. R6e5 h5 37. a5 h4 38. a6 Kf6 39. Rxe7 1-0

[Event "RUS-ch U20 Girls"]
[Site "Vladimir"]
[Date "2002.03.03"]
[Round "3"]
[White "Ivkina, Olga"]
[Black "Kolganova, Natalia"]
[Result "0-1"]
[WhiteElo "2216"]
[BlackElo "2139"]
[PlyCount "74"]
[EventDate "2002.03.01"]
[EventType "swiss"]
[EventRounds "11"]
[EventCountry "RUS"]
[SourceTitle "CBM 087 Extra"]
[Source "ChessBase"]
[SourceDate "2002.05.03"]
[SourceVersion "2"]
[SourceVersionDate "2002.08.09"]
[SourceQuality "1"]

1. e4 c5 2. Nf3 d6 3. d4 cxd4 4. Nxd4 Nf6 5. Nc3 g6 6. f3 Bg7 7. Be3 Nc6 8. Qd2 0-0 9. 0-0-0 Be6 10. Nxe6 fxe6 11. Bh6 Rc8 12. Bxg7 Kxg7 13. f4 Qa5 14. Kb1 b5 15. Bd3 b4 16. Ne2 Qc5 17. h3 a5 18. g4 a4 19. Ng3 b3 20. cxb3 axb3 21. a3 Qa5 22. e5 Nd5 23. Qxa5 Nxa5 24. exd6 exd6 25. f5 Nf4 26. Bb5 exf5 27. gxf5 d5 28. Rd4 g5 29. Re1 Rc5 30. Be8 Nc6 31. Ra4 Nd3 32. f6+ Kh8 33. Rd1 Nce5 34. f7 Rc2 35. Bb5 Nxb2 36. Re1 Nxa4 37. Bxa4 Nc4 0-1

[Event "RUS-ch U20 Girls"]
[Site "Vladimir"]
[Date "2002.03.01"]
[Round "1"]
[White "Khusnutdinova, Luiza"]
[Black "Kolganova, Natalia"]
[Result "0-1"]
[WhiteElo "2250"]
[BlackElo "2139"]
[PlyCount "116"]
[EventDate "2002.03.01"]
[EventType "swiss"]
[EventRounds "11"]
[EventCountry "RUS"]
[SourceTitle "CBM 087 Extra"]
[Source "ChessBase"]
[SourceDate "2002.05.03"]
[SourceVersion "2"]
[SourceVersionDate "2002.08.09"]
[SourceQuality "1"]

1. d4 d5 2. Nf3 e6 3. c4 c5 4. cxd5 exd5 5. Nc3 Nc6 6. g3 Nf6 7. Bg2 Be7 8. 0-0 0-0 9. Be3 c4 10. Ne5 Be6 11. Bg5 Rc8 12. Rc1 Nd7 13. Bxe7 Nxe7 14. Nxd7 Qxd7 15. Qa4 Qxa4 16. Nxa4 b6 17. Nc3 Rfd8 18. Rfd1 a6 19. Na4 Rd6 20. a3 Bd7 21. Nc3 b5 22. e4 dxe4 23. Nxe4 Rb6 24. d5 Nf5 25. d6 Rd8 26. Nc5 Bc6 27. d7 Bxg2 28. Kxg2 Nd6 29. Rd4 f5 30. Re1 Kf7 31. Re6 Rc6 32. Nb7 Kxe6 33. Nxd8+ Kxd7 34. Nxc6 Kxc6 35. Kf3 a5 36. Kf4 Kc5 37. Rd1 g6 38. f3 b4 39. axb4+ axb4 40. Ke5 Nb5 41. Rd8 c3 42. bxc3 bxc3 43. Rc8+ Kb4 44. h3 Kb3 45. Rb8 Kc4 46. Rc8+ Kd3 47. g4 fxg4 48. fxg4 c2 49. Rd8+ Ke3 50. Rc8 Kd2 51. Rd8+ Kc3 52. Rc8+ Kb2 53. Rxc2+ Kxc2 54. Kf6 Nd4 55. Kg7 Nf3 56. Kxh7 g5 57. Kg6 Kd3 58. Kf5 Ke3 0-1

[Event "Serpukhov op"]
[Site "Serpukhov"]
[Date "2002.??.??"]
[Round "3"]
[White "Eidelson, Rakhil"]
[Black "Kolganova, Natalia"]
[Result "0-1"]
[WhiteElo "2210"]
[BlackElo "2169"]
[PlyCount "140"]
[EventDate "2002.??.??"]
[EventType "swiss"]
[EventRounds "15"]
[EventCountry "RUS"]
[SourceTitle "EXT 2007"]
[Source "ChessBase"]
[SourceDate "2006.11.23"]
[SourceVersion "1"]
[SourceVersionDate "2006.11.23"]
[SourceQuality "1"]

1. Nf3 c5 2. g3 g6 3. Bg2 Bg7 4. 0-0 Nc6 5. d3 d6 6. e4 Rb8 7. c3 e5 8. a3 Nh6 9. b4 b5 10. h3 0-0 11. bxc5 dxc5 12. Be3 f5 13. Bxc5 Rf7 14. a4 Rfb7 15. Na3 b4 16. cxb4 Nxb4 17. Nc4 Nf7 18. Ra3 Qc7 19. Bxb4 Rxb4 20. Nfd2 Be6 21. exf5 gxf5 22. Ne3 Rd8 23. Qh5 Qd7 24. Nf3 f4 25. gxf4 exf4 26. Ng4 Bxg4 27. hxg4 Qd5 28. Qxd5 Rxd5 29. Nd2 Ra5 30. Rc1 Bb2 31. Rc8+ Kg7 32. Rb3 Rxb3 33. Nxb3 Rxa4 34. Rc7 Kf6 35. Bc6 Ra3 36. Nd2 Ne5 37. Be4 Nxg4 38. Bxh7 Bd4 39. Ne4+ Ke6 40. Kg2 Nf6 41. Rc6+ Ke7 42. Bf5 Ra2 43. Re6+ Kf7 44. Ng5+ Kf8 45. Nh3 Nd5 46. Kf3 Bb6 47. Rd6 Ne7 48. Be4 Kg7 49. Re6 Kf8 50. Rf6+ Kg7 51. Rxf4 a5 52. Rg4+ Kf6 53. Rh4 Rb2 54. Bh7 Nd5 55. Rc4 Nb4 56. Rg4 Nd5 57. Rg6+ Ke5 58. Bg8 Nf6 59. Rg5+ Kd6 60. Bc4 a4 61. Rf5 Nd7 62. Rd5+ Kc6 63. Rh5 a3 64. Rh8 Ne5+ 65. Ke4 Nxc4 66. dxc4 Kb7 67. Rh7+ Ka6 68. c5 Bxc5 69. Kd5 a2 70. Rh6+ Bb6 0-1

[Event "Serpukhov op"]
[Site "Serpukhov"]
[Date "2002.??.??"]
[Round "11"]
[White "Kolganova, Natalia"]
[Black "Aketayeva, Dana"]
[Result "1/2-1/2"]
[WhiteElo "2169"]
[BlackElo "2171"]
[PlyCount "132"]
[EventDate "2002.??.??"]
[EventType "swiss"]
[EventRounds "15"]
[EventCountry "RUS"]
[SourceTitle "EXT 2007"]
[Source "ChessBase"]
[SourceDate "2006.11.23"]
[SourceVersion "1"]
[SourceVersionDate "2006.11.23"]
[SourceQuality "1"]

1. e4 e5 2. Nc3 Nf6 3. Bc4 Bc5 4. d3 h6 5. f4 d6 6. Nf3 Nc6 7. f5 Ng4 8. Qe2 Bf2+ 9. Kd1 Bb6 10. Rf1 Nf6 11. h3 Qe7 12. g4 Nd4 13. Qg2 Nxf3 14. Rxf3 Bd7 15. g5 hxg5 16. Bxg5 c6 17. a4 Ba5 18. Ne2 d5 19. exd5 cxd5 20. Bb3 Qb4 21. Nc3 Bc6 22. Qe2 0-0-0 23. Bd2 Qc5 24. Kc1 Bxc3 25. bxc3 d4 26. Rg3 dxc3 27. Be3 Qd6 28. Bxf7 Kb8 29. Qf2 Ne4 30. Qg1 Nxg3 31. Qxg3 Bd5 32. Bg6 Ka8 33. Bg5 e4 34. Qxd6 Rxd6 35. h4 Bc6 36. Ra3 exd3 37. cxd3 Be8 38. Bxe8 Rxe8 39. Rxc3 Rc6 40. Rxc6 bxc6 41. Kd2 Rf8 42. Kc3 Rxf5 43. Kc4 Kb7 44. Bd8 Rd5 45. Bg5 Ra5 46. Kb4 Ka6 47. Bd2 Rf5 48. d4 Kb6 49. Kc4 Kc7 50. Bb4 Kd7 51. Bd2 Rd5 52. Bg5 Ke6 53. Bd2 Kf5 54. Bb4 Ke4 55. Bc5 a5 56. Bb6 Kf5 57. Bc5 Kg4 58. Be7 Rd7 59. Bg5 Kf3 60. Kc5 Ke4 61. Kxc6 Rxd4 62. Kb5 Rd5+ 63. Kc4 Rf5 64. Bd8 Kf3 65. Be7 Kg4 66. Bd8 Rh5 1/2-1/2

[Event "Serpukhov op"]
[Site "Serpukhov"]
[Date "2002.??.??"]
[Round "2"]
[White "Kolganova, Natalia"]
[Black "Cherkasova, Marina"]
[Result "0-1"]
[WhiteElo "2169"]
[BlackElo "2176"]
[PlyCount "56"]
[EventDate "2002.??.??"]
[EventType "swiss"]
[EventRounds "15"]
[EventCountry "RUS"]
[SourceTitle "EXT 2007"]
[Source "ChessBase"]
[SourceDate "2006.11.23"]
[SourceVersion "1"]
[SourceVersionDate "2006.11.23"]
[SourceQuality "1"]

1. e4 e5 2. Nc3 Nf6 3. Bc4 Bc5 4. d3 d6 5. Na4 Bb6 6. Nxb6 axb6 7. f4 exf4 8. Bxf4 0-0 9. Nf3 d5 10. exd5 Re8+ 11. Kd2 b5 12. Bb3 Nxd5 13. Bxd5 Qxd5 14. Re1 Be6 15. Bxc7 Nd7 16. Qe2 Rec8 17. Bg3 Rxa2 18. Rxa2 Qxa2 19. Be5 Qa4 20. Rc1 Bg4 21. Bd6 Nf6 22. Qe7 Bxf3 23. gxf3 Re8 24. Qxb7 Qd4 25. Be7 Qf4+ 26. Kd1 Qe3 27. Ra1 Rxe7 28. Ra8+ Ne8 0-1

[Event "Serpukhov op"]
[Site "Serpukhov"]
[Date "2002.??.??"]
[Round "5"]
[White "Kolganova, Natalia"]
[Black "Lagvilava, Genrieta"]
[Result "1-0"]
[WhiteElo "2169"]
[BlackElo "2290"]
[PlyCount "121"]
[EventDate "2002.??.??"]
[EventType "swiss"]
[EventRounds "15"]
[EventCountry "RUS"]
[SourceTitle "EXT 2007"]
[Source "ChessBase"]
[SourceDate "2006.11.23"]
[SourceVersion "1"]
[SourceVersionDate "2006.11.23"]
[SourceQuality "1"]

1. e4 c6 2. d4 d5 3. e5 Bf5 4. Nc3 e6 5. g4 Bg6 6. Nge2 f6 7. Nf4 Bf7 8. exf6 gxf6 9. Qe2 Qe7 10. Nd3 Nd7 11. Bf4 Bg7 12. 0-0-0 e5 13. Be3 0-0-0 14. h4 Kb8 15. g5 e4 16. Nf4 Nf8 17. f3 exf3 18. Qxf3 Re8 19. Re1 fxg5 20. Nfxd5 cxd5 21. Bf4+ gxf4 22. Rxe7 Rxe7 23. Bh3 Ng6 24. h5 Re3 25. Qf1 Bh6 26. hxg6 hxg6 27. Bg4 g5 28. Rh3 Rxh3 29. Qxh3 Nf6 30. Bf3 g4 31. Bxg4 Ne4 32. Bf3 Ng5 33. Qg4 Nxf3 34. Qxf3 Rg8 35. Ne2 Re8 36. Kd1 Re3 37. Qh1 Bg5 38. Qh2 Re4 39. c3 Be8 40. Ng1 a6 41. Nf3 Bd8 42. Nd2 Re6 43. Qxf4+ Ka7 44. Qf5 Rd6 45. Qe5 Ba4+ 46. b3 Rc6 47. bxa4 Rxc3 48. Qxd5 Be7 49. Nb3 Bb4 50. a5 Rc6 51. Ke2 Rc2+ 52. Kd3 Rc3+ 53. Ke4 Rc6 54. Qd7 Rd6 55. Qf7 Rc6 56. d5 Rc2 57. Qf3 Rc4+ 58. Ke5 Bc3+ 59. Ke6 Bb4 60. d6 Rc6 61. Qxc6 1-0

[Event "Serpukhov op"]
[Site "Serpukhov"]
[Date "2002.??.??"]
[Round "4"]
[White "Postnova, Ekaterina"]
[Black "Kolganova, Natalia"]
[Result "1/2-1/2"]
[WhiteElo "2226"]
[BlackElo "2169"]
[PlyCount "67"]
[EventDate "2002.??.??"]
[EventType "swiss"]
[EventRounds "15"]
[EventCountry "RUS"]
[SourceTitle "EXT 2007"]
[Source "ChessBase"]
[SourceDate "2006.11.23"]
[SourceVersion "1"]
[SourceVersionDate "2006.11.23"]
[SourceQuality "1"]

1. e4 c5 2. c3 d5 3. exd5 Qxd5 4. d4 e6 5. Na3 Bd7 6. Nb5 Bxb5 7. Bxb5+ Nc6 8. Qf3 Nf6 9. Be3 cxd4 10. Qxd5 Nxd5 11. Bxd4 Bd6 12. Nf3 0-0 13. Bxc6 bxc6 14. 0-0 c5 15. Be5 Bxe5 16. Nxe5 f6 17. Nc4 Rfd8 18. Rfe1 Kf7 19. Rad1 Rab8 20. f3 e5 21. Rd2 Nb6 22. Nd6+ Ke6 23. Red1 Na4 24. Nc4 Rxd2 25. Rxd2 Rb7 26. Kf2 Rd7 27. Rxd7 Kxd7 28. Ke3 Ke6 29. Kd3 f5 30. b3 Nb6 31. Nxb6 axb6 32. g4 g6 33. gxf5+ gxf5 34. b4 1/2-1/2

[Event "EU-ch U18 Girls"]
[Site "Chalkidiki"]
[Date "2001.09.03"]
[Round "4"]
[White "Vozovic, Oksana"]
[Black "Kolganova, Natalia"]
[Result "1-0"]
[WhiteElo "2255"]
[BlackElo "2124"]
[PlyCount "109"]
[EventDate "2001.08.31"]
[EventType "swiss"]
[EventRounds "9"]
[EventCountry "GRE"]
[SourceTitle "EXT 2002"]
[Source "ChessBase"]
[SourceDate "2001.11.25"]
[SourceVersion "1"]
[SourceVersionDate "2001.11.25"]
[SourceQuality "1"]

1. e4 c5 2. Nf3 d6 3. d4 cxd4 4. Nxd4 Nf6 5. Nc3 g6 6. Be2 Bg7 7. 0-0 Nc6 8. Nb3 0-0 9. Re1 Be6 10. Bf1 Rc8 11. Nd5 Nd7 12. c3 Re8 13. Bg5 h6 14. Bh4 g5 15. Bg3 Nde5 16. f4 gxf4 17. Nxf4 Kh7 18. Kh1 Rg8 19. Nd4 Bg4 20. Be2 Qd7 21. Nf3 Bf6 22. Nd5 Bh8 23. Rf1 Rcf8 24. Qd2 Nxf3 25. Bxf3 Ne5 26. Bxe5 Bxe5 27. Bxg4 Qxg4 28. Rf3 Rg6 29. Raf1 Qe6 30. Qf2 f6 31. Qxa7 Rfg8 32. R1f2 Qd7 33. Qe3 R8g7 34. b3 Qg4 35. Nf4 Rg5 36. h3 Qd7 37. c4 h5 38. Kg1 h4 39. Kf1 b5 40. cxb5 Qxb5+ 41. Kg1 Qa5 42. Ne6 Qb4 43. Nxg5+ Rxg5 44. Rd2 Qa3 45. Rf1 Bg3 46. Rc2 Qa6 47. Rd1 Qb7 48. Rd5 Be5 49. Rd3 Bg3 50. Rd5 Be5 51. Kh1 Rg3 52. Qe2 Kg6 53. Rd3 Rg5 54. Rf3 d5 55. exd5 1-0